Prime or Composite? - Statistics

General Stats
  • This quiz has been taken 3 times
  • The average score is 6 of 15
Answer Stats
Question Answer % Correct
141 Composite
67%
147 Composite
67%
497 Composite
67%
191 Prime
67%
691 Prime
67%
241 Prime
67%
3221 Prime
67%
119 Composite
33%
611 Composite
33%
831 Composite
33%
919 Prime
33%
353 Prime
33%
703 Composite
0%
211 Prime
0%
557 Prime
0%
No matching quizzes found
Score Distribution
Percent of People with Each Score
Percentile by Number Answered
Your Score History
You have not taken this quiz